| 000 | 00635cam a2200181 a 4500 | ||
|---|---|---|---|
| 020 | _a0803971281 (cloth : acidfree paper) | ||
| 020 | _a080397129X (pbk. : acidfree paper) | ||
| 050 | 0 | 0 |
_aRC488.5 _b.B46 1997 |
| 100 | 2 | _aBerg-Cross, Linda. | |
| 245 | 1 | 0 |
_aCouples therapy / _cLinda Berg-Cross. |
| 260 |
_aThousand Oaks : _bSage Publications, _cc1997. |
||
| 300 | _axv, 333 p. : | ||
| 650 | 0 | _xProblems, exercises, etc. | |
| 650 | 0 | _xProblems, exercises, etc. | |
| 856 | 4 | 2 | _uhttp://www.loc.gov/catdir/enhancements/fy0655/96035621-d.html |
| 856 | 4 | 1 | _uhttp://www.loc.gov/catdir/enhancements/fy0655/96035621-t.html |
| 942 |
_2lcc _cGEN |
||
| 999 |
_c14281 _d14281 |
||